Normal view MARC view

Entry Personal Name

Number of records used in: 1

001 - CONTROL NUMBER

  • control field: 379518

003 - CONTROL NUMBER IDENTIFIER

  • control field: OSt

005 - DATE AND TIME OF LATEST TRANSACTION

  • control field: 20220927110628.0

008 - FIXED-LENGTH DATA ELEMENTS

  • fixed length control field: 220927|| aca||aabn | a|a d

040 ## - CATALOGING SOURCE

  • Original cataloging agency: OSt
  • Transcribing agency: OSt

100 ## - HEADING--PERSONAL NAME

  • Personal name: Oudh. Finance (Commission)(Enquiry committee) (1865) (Chairman: RH Davies)

670 ## - SOURCE DATA FOUND

  • Source citation: Work cat.: (OSt)697473: Oudh. Finance (Commission)(Enquiry committee) (1865) (Chairman: RH Davies) 379517, Reports in IV, 1880
Copyright @ Delhi University Library System